Регионална библиотека "Любен Каравелов" - Русе

Повече, отколкото обичам живота си (Запис номер 445093)

MARC детайли
000 -Лидер
Контролно поле с фиксирана дължина 01092aam a2200253 a 4500
003 - Код на организацията, давaща контролен номер
Контролно поле BLK
005 - Дата и час на последна редакция
Контролно поле 20240924124153.0
008 - Елементи от данни с фиксирана дължина
fixed length control field 180913b bul|||||r|||| 00| | bul d
020 ## - Международен стандартен номер на книга ISBN
Международен стандартен номер на книга ISBN 9786190209164
040 ## - Източник на каталожния запис
Идентификатор на билиотеката - собственик на записа BLK
041 ## - Код за език
Код за езика на текст/звукозапис или на отделно заглавие Български
Код за езика КДБФ Български
080 ## - УДК
Текстов определител УДК Еврейска литература на иврит. Вж и 830-088
УДК код - определител по УДК 821.411.16
УДК определител -31
УДК - код + определител 821.411.16-31
100 ## - Редна дума - Автор
Автор Гросман, Давид
Авторска отговорност първи автор
R(LIN) 333463
139 ## - Редно поле
Редна дума Гросман, Давид
Авторски знак Грос - Г 87
245 ## - Сведения за заглавието
Заглавие Повече, отколкото обичам живота си
Редно поле (дума) Давид Гросман ; прев. [от иврит] Велина Минкова.
260 ## - Област на издателските данни
Място на издаване, разпространение и проч. София
Име на издателя, разпространителя и проч. Колибри
Година на издаване 2021
9 (RLIN) 209486
Издателство - префикс ISBN 978-619-02- ; 978-619-150- ; 978-954-150- ; 978-954-529-
300 ## - Физическа характеристика
Страници 303 с.
Размери/Мащаб 20 см
380 ## - Жанр
Жанр Худож. лит.
500 ## - Общи забележки
Забележка Загл. на англ. ез.: More than i love my life / David Grossman.
700 ## - Други автори (авторска отговорност)
9 (RLIN) 966
Лично име Минкова, Велина Димитрова
Автороска отговорност (Описва отношението между автора и произведението) прев.
999 ## - СИСТЕМНИ КОНТРОЛНИ НОМЕРА
Koha biblionumber 445093
Koha biblioitemnumber 445093
942 ## - АРТИКУЛИ
Вид на библиотечния материал Книги
Скрит в OPAC Не
Периодичен библиозапис Да
Koha issues (borrowed), all copies 13
944 ## - СЪЗДАВАНЕ И РЕДАКЦИЯ на ЗАПИСА
Създаване/Редакция Създаване
Дата на регистрацията/редакция 2022-02-17
Служител, извършил регистрацията/редакцията 30564
Статус, дата на статуса Галина Якимова
999 ## - СИСТЕМНИ КОНТРОЛНИ НОМЕРА
Koha biblioitemnumber 445093
Наличности
Код за отписване Код за изгубен артикул Източник на класификационната схема Код за повреда Код за отдаване Артикулен № Име на библиотеката - собственик Име на библиотеката, в която се намира в момента Статус (Текущо местоположение) Дата на вписване в системата Местоположение - отдел Цена в лева Систематично азбучна сигнатура Баркод Цена в евро Служебен тип на артикула Коз за рестрикции
  Не е изгубен Universal Decimal Classification Не е повреден заемане за дома 872449 Регионална библиотека "Любен Каравелов" Русе Регионална библиотека "Любен Каравелов" Русе Заемна - подръчен фонд 2022-02-17 Заемна - подръчен фонд 12.60 821-31/Г 87 120000866141 6.44 Книги  
  Не е изгубен Universal Decimal Classification Не е повреден ползва се в читалня 901899 Регионална библиотека "Любен Каравелов" Русе Регионална библиотека "Любен Каравелов" Русе Хранилище 2022-08-25 Хранилище 18.00 Цб 313316 120000874925 9.20 Книги само за читалня
Vip Innovations Ltd, Rousse, Bulgaria 2025